000 00733nam a2200229 i 4500
001 183167
003 ES-MaACL
005 20260610142459.0
008 140128s1977 mx |||| | spa d
080 _a821.133.1-14(082.2)
100 1 _aMallarmé, Stéphane (
_d1842-1898)
_975791
245 1 0 _aPoesía francesa /
_cStéphane Mallarmé, Arthur Rimbaud, Paul Valéry.
260 _aMéxico :
_bEl Caballito,
_c1977.
300 _a330 p. ;
_c19 cm.
650 0 7 _aPoesía francesa
_9136726
655 7 _2tgfbne
_aPoesías
_9176539
700 1 _aRimbaud, Arthur,
_d1854-1891
_997237
700 1 _aValéry, Paul,
_d1871-1945
_9243197
852 _aES-MaACL
_jL-29987
_z.- Donat. Miguel A. Velasco
942 _2udc
999 _c183167
_d183167